| 000 | 01195cam a2200361 a 4500 | ||
|---|---|---|---|
| 001 | 1443844 | ||
| 003 | Ke-BoTe | ||
| 005 | 20220526141458.0 | ||
| 008 | 851213s1986 ilua 001 0 eng c | ||
| 010 | _a 85029624 | ||
| 020 | _a0815118635 | ||
| 040 |
_aDNLM/DLC _cDLC _dDLC |
||
| 050 | 1 | 0 |
_aRG104 _b.G7 1986 |
| 060 | _aWP 660 G813s | ||
| 082 | 0 | 0 |
_a618.1/45 _219 |
| 100 | 1 |
_aGreenhill, J. P. _q(Jacob Pearl), _d1895- _96804 |
|
| 240 | 1 | 0 | _aSurgical gynecology |
| 245 | 1 | 0 | _aGreenhill's surgical gynecology. |
| 250 |
_a5th ed. / _bStephen L. Corson, Thomas V. Sedlacek, Jerome J. Hoffman. |
||
| 260 |
_aChicago : _bYear Book Medical Publishers ; _cc1986. |
||
| 300 |
_aviii, 376 p . : _bill . ; _c26 cm. |
||
| 500 | _aFifth ed. of: Surgical gynecology. 4th ed. 1969. | ||
| 500 | _aIncludes index. | ||
| 650 | 0 |
_aGenerative organs, Female _xSurgery. _97001 |
|
| 650 | 2 |
_aGenitalia, Female _xsurgery. _97002 |
|
| 650 | 2 |
_aObstetrics. _96750 |
|
| 700 | 1 |
_aCorson, Stephen L., _d1938- _97003 |
|
| 700 | 1 |
_aSedlacek, Thomas V. _97004 |
|
| 700 | 1 |
_aHoffman, Jerome J. _97005 |
|
| 740 | 0 | _aSurgical gynecology. | |
| 906 |
_a7 _bcbc _corignew _d1 _eocip _f19 _gy-gencatlg |
||
| 942 |
_2lcc _cBK _n0 |
||
| 999 |
_c3315 _d3315 |
||